000 01058nam a2200217Ia 4500
999 _c41586
_d41586
001 8254
003 GE_BSU
005 20240412120152.0
008 181216s2010||||ge |||||||||||||| ||geo||
040 _cGE_BSU
041 _ageo
080 _a631.3(042.4) შ-30
100 _aშაფაქიძე, ე.
_921782
245 _aსასოფლო-სამეურნეო მანქანები : (ნაწილი1) :
_bსალექციო ლურსი, მეთოდური მითითებები, პრაქტიკული სამუშაოების შესასრულებლად ; საგამოცდო ტესტები /
_cე. შაფაქიძე, დ. ნატროშვილი.
264 _aთბილისი :
_b(გ.გ.),
_c2010.
300 _a234 გვ. ;
_c29 სმ.
541 _h20ლ.
653 _aსასოფლო-სამეურნეო მანქანები
700 _aნატროშვილი, დ.
_921783
942 _cBK
_2udc